Selected Poems and Three Plays [of William Butler Yeats] /
Enregistré dans:
| Auteur principal: | |
|---|---|
| Autres auteurs: | |
| Format: | Livre |
| Langue: | anglais |
| Publié: |
Nueva York, EUA :
Collier,
1987, c1987
|
| Édition: | 3a edición |
| Sujets: | |
| Tags: |
Pas de tags, Soyez le premier à ajouter un tag!
|
MARC
| LEADER | 00000nam^a2200000^a^4500 | ||
|---|---|---|---|
| 001 | 000134961 | ||
| 005 | 20250521000000.0 | ||
| 009 | 20260310095225.834 | ||
| 020 | |a 0-02-071560-9 | ||
| 037 | |a Acervo ITESO - Biblioteca | ||
| 041 | |a ING | ||
| 082 | |a 828. |b YEA | ||
| 100 | |a Yeats, William Butler |e (autor) | ||
| 245 | 1 | 0 | |a Selected Poems and Three Plays [of William Butler Yeats] / |c W.B. Yeats ; ed., introd. y notas de M.L. Rosenthal. |
| 250 | |a 3a edición | ||
| 264 | 4 | |a Nueva York, EUA : |b Collier, |c 1987, c1987 | |
| 300 | |a XXX, 248 p. | ||
| 336 | |a texto |b txt |2 rdacontenido | ||
| 337 | |a sin mediación |b n |2 rdamedio | ||
| 338 | |a volumen |b nc |2 rdasoporte | ||
| 545 | 0 | |a William Butler Yeats (1865-1939), poeta y dramaturgo irlandés. Nació en Dublín, se trasladó junto con su familia en 1887 a Londres y en 1896 regresó a Irlanda. Participó en el movimiento del renacimiento literario de su país, además entabló amistad con la autora teatral Isabella Augusta Gregory, con cuya ayuda fundó el Teatro Nacional Irlandés en 1901. Obtuvo el Premio Nobel de Literatura en 1923. Obras: en poesía Las peregrinaciones de Oisin y otros poemas (1889); La tierra del deseo del corazón (1894); La isla del lago de Innisfree; El viento entre las cañas (1899); El casco verde (1910); La torre (1928); La escalera de caracol (1933) y Últimos poemas; en teatro La condesa Kathleen (1892); Las aguas umbrosas (1900) y Deirdre (1907); y los ensayos: El crepúsculo celta (1893) y Una visión (1925), entre otras. | |
| 586 | |a Premio Nobel de Literatura 1923 | ||
| 649 | |a XX | ||
| 650 | |a Poesía Irlandesa | ||
| 650 | |a Teatro Irlandés | ||
| 650 | |a Literatura en Inglés - |z Irlanda | ||
| 650 | |a Literatura Irlandesa - |y Siglo XX | ||
| 700 | |a Rosenthal, Macha Louis |e (edición) | ||
| 910 | |a Fondo General | ||
| 920 | |a Impresos - Libros | ||
| 930 | |a Colección General | ||
| 940 | |a Literatura | ||
| 905 | |a 101 | ||
| 901 | |a 0500063861 |b IT1 |c LIT |u 20250521 | ||
| 902 | |a https://opac.biblio.iteso.mx/vufind/Record/000134961 | ||